000 00873nam a2200301 a 4500
001 000108117
003 CHAP
005 20220329143958.0
008 131205s2012 flu |r| |||1|||eng d
010 _a104579
011 _a105551
020 _a9781439860199
040 _cCHAP
082 1 0 _a333.9539
_bS74
100 0 0 _aSpellman, Frank R.
_9109185
245 1 0 _aForest-based biomass energy :
_bConcepts and applications /
_cpor Frank R. Spellman.
260 _aBoca Raton, FL. :
_bCRC Press,
_c2012.
300 _axxx, 484 p.
490 0 0 _aEnergy and the environmental
590 _aBATCH-UPD
_b05
_c20131205
_lUCH01
_h1449
590 _aE5652GLJ
_b05
_c20131205
_lUCH01
_h1334
590 _aE5652GLJ
_b05
_c20131205
_lUCH01
_h1449
650 1 4 _aBiomasa forestal.
_9124964
650 1 4 _aEnergĂ­a
_xBiomasa.
_936882
901 _aBK
942 _cLIBRO
942 _n0
999 _c104579
_d104579